[Event "Stuttgart-chB int"]
[Site "Gerlingen"]
[Date "2011.06.02"]
[Round "1"]
[White "Buzan, Raffael"]
[Black "Samietz, Jannick"]
[Result "1/2-1/2"]
[WhiteElo "1793"]
[BlackElo "1581"]
[PlyCount "91"]
[EventDate "2011.06.02"]
[EventType "swiss"]
[EventRounds "7"]
[EventCountry "GER"]
[SourceTitle "EXT 2018"]
[Source "ChessBase"]
[SourceDate "2017.10.13"]
[SourceVersion "1"]
[SourceVersionDate "2017.10.13"]
[SourceQuality "1"]

1. d4 Nf6 2. c4 g6 3. Nc3 Bg7 4. e4 d6 5. Nf3 0-0 6. Be2 Nc6 7. 0-0 e5 8. d5 Ne7 9. b4 Nd7 10. Qb3 f5 11. Ng5 Nf6 12. f3 h6 13. Ne6 Bxe6 14. dxe6 f4 15. a4 Kh8 16. Ba3 Nc6 17. Nd5 Nd4 18. Qd3 Nxe6 19. c5 dxc5 20. bxc5 c6 21. Nxf6 Bxf6 22. Qxd8 Rfxd8 23. Rfd1 Nd4 24. Bd3 Rd7 25. Kf2 Rad8 26. Bc4 Nc2 27. Rxd7 Rxd7 28. Ra2 Nxa3 29. Rxa3 Be7 30. Rd3 Rxd3 31. Bxd3 Bxc5+ 32. Ke2 Kg7 33. Bc4 Kf6 34. Kf1 a6 35. g4 b5 36. Bb3 Bd4 37. h4 c5 38. axb5 axb5 39. Bd5 g5 40. h5 Ke7 41. Ke2 c4 42. Bc6 b4 43. Bd5 c3 44. Kd3 Kd6 45. Bb3 Kc5 46. Ba4 1/2-1/2

[Event "Stuttgart-chB int"]
[Site "Ditzingen"]
[Date "2010.05.16"]
[Round "7"]
[White "Buzan, Raffael"]
[Black "Strauss, Martin"]
[Result "1-0"]
[WhiteElo "1746"]
[BlackElo "1618"]
[PlyCount "71"]
[EventDate "2010.05.13"]
[EventType "swiss"]
[EventRounds "7"]
[EventCountry "GER"]
[SourceTitle "EXT 2018"]
[Source "ChessBase"]
[SourceDate "2017.10.13"]
[SourceVersion "1"]
[SourceVersionDate "2017.10.13"]
[SourceQuality "1"]

1. d4 Nf6 2. c4 g6 3. Nc3 d5 4. cxd5 Nxd5 5. e4 Nxc3 6. bxc3 Bg7 7. Nf3 c5 8. Rb1 Qa5 9. Qd2 Bd7 10. Bd3 Bc6 11. 0-0 cxd4 12. cxd4 Qxd2 13. Bxd2 b6 14. d5 Bb7 15. Rfc1 Ba6 16. Ne1 Bxd3 17. Nxd3 Na6 18. Rc4 0-0 19. Be3 Rfd8 20. Nf4 Bh6 21. Nxg6 Bxe3 22. Nxe7+ Kf8 23. Nc6 Bxf2+ 24. Kxf2 Rd6 25. Rf1 Nc5 26. Ke3 Re8 27. Rf5 Nd7 28. a4 Nf6 29. Kf4 a6 30. h3 h6 31. Ne5 b5 32. axb5 axb5 33. Rc7 Kg8 34. Rb7 Nxe4 35. Nxf7 Ra8 36. Kxe4 1-0

[Event "Stuttgart-chB int"]
[Site "Ditzingen"]
[Date "2010.05.15"]
[Round "6"]
[White "Keller, Marcel"]
[Black "Buzan, Raffael"]
[Result "0-1"]
[WhiteElo "1552"]
[BlackElo "1746"]
[PlyCount "66"]
[EventDate "2010.05.13"]
[EventType "swiss"]
[EventRounds "7"]
[EventCountry "GER"]
[SourceTitle "EXT 2018"]
[Source "ChessBase"]
[SourceDate "2017.10.13"]
[SourceVersion "1"]
[SourceVersionDate "2017.10.13"]
[SourceQuality "1"]

1. e4 c5 2. Nf3 d6 3. Bb5+ Bd7 4. Bxd7+ Qxd7 5. 0-0 Nf6 6. Re1 e6 7. b3 Be7 8. Bb2 0-0 9. d4 cxd4 10. Qxd4 Nc6 11. Qd1 Rfd8 12. c4 Qc7 13. Nc3 a6 14. Qc1 Nd7 15. Qe3 Nb4 16. Qe2 Nc5 17. Red1 Bf6 18. Nd4 Nc6 19. Nxc6 Qxc6 20. f3 Qc7 21. Qc2 Rac8 22. Ne2 Nd7 23. Bxf6 Nxf6 24. Ng3 b5 25. Rac1 Qb6+ 26. c5 dxc5 27. Rxd8+ Qxd8 28. Rd1 Qc7 29. Qc3 h6 30. a3 c4 31. b4 Rd8 32. Rd4 Qb6 33. Ne2 e5 0-1

[Event "Stuttgart-chB int"]
[Site "Ditzingen"]
[Date "2010.05.13"]
[Round "1"]
[White "Buzan, Raffael"]
[Black "Schmidt, Tobias"]
[Result "1-0"]
[WhiteElo "1746"]
[BlackElo "1537"]
[PlyCount "75"]
[EventDate "2010.05.13"]
[EventType "swiss"]
[EventRounds "7"]
[EventCountry "GER"]
[SourceTitle "EXT 2018"]
[Source "ChessBase"]
[SourceDate "2017.10.13"]
[SourceVersion "1"]
[SourceVersionDate "2017.10.13"]
[SourceQuality "1"]

1. d4 d5 2. c4 dxc4 3. e3 Nf6 4. Bxc4 e6 5. Nf3 a6 6. Nc3 b5 7. Be2 c5 8. b3 Nc6 9. 0-0 Bb7 10. dxc5 Qxd1 11. Rxd1 Bxc5 12. Bb2 0-0 13. Rac1 Be7 14. Ng5 h6 15. Nge4 b4 16. Nxf6+ Bxf6 17. Na4 Bxb2 18. Nxb2 Rfd8 19. Rxd8+ Nxd8 20. Nd3 a5 21. Ne5 Kf8 22. Rc7 Be4 23. Bf3 Bxf3 24. gxf3 Ke8 25. Kg2 Kf8 26. h4 g6 27. Kg3 Kg7 28. Rc5 Nb7 29. Rb5 Ra7 30. Nc6 Nd6 31. Nxa7 Nxb5 32. Nxb5 Kf6 33. f4 g5 34. fxg5+ hxg5 35. hxg5+ Kxg5 36. f4+ Kf6 37. Nd4 e5 38. Nc6 1-0

[Event "Stuttgart-chB int"]
[Site "Ditzingen"]
[Date "2010.05.13"]
[Round "2"]
[White "Moll, Nino"]
[Black "Buzan, Raffael"]
[Result "0-1"]
[WhiteElo "1336"]
[BlackElo "1746"]
[PlyCount "44"]
[EventDate "2010.05.13"]
[EventType "swiss"]
[EventRounds "7"]
[EventCountry "GER"]
[SourceTitle "EXT 2018"]
[Source "ChessBase"]
[SourceDate "2017.10.13"]
[SourceVersion "1"]
[SourceVersionDate "2017.10.13"]
[SourceQuality "1"]

1. b3 d5 2. e3 c5 3. Bb2 Nc6 4. Nf3 a6 5. d4 e6 6. c4 Nf6 7. cxd5 Nxd5 8. dxc5 Qa5+ 9. Qd2 Qxc5 10. Ba3 Qxa3 11. Nxa3 Bb4 12. Qxb4 Ncxb4 13. Kd2 b5 14. Nc2 0-0 15. a3 Nxc2 16. Kxc2 Bb7 17. Be2 Rac8+ 18. Kb2 Nc3 19. Bd1 Rfd8 20. Rc1 Bxf3 21. Bxf3 Rd2+ 22. Ka1 Ra2# 0-1